Zateplení a rekonstrukce rodinného domu /

Na minha lista:
Detalhes bibliográficos
Autor principal: Stempel, Ulrich E. (Author)
Formato: Livro
Idioma:tcheco
alemão
Publicado em: Praha: Grada Publishing, 2014
Edição:1. vyd.
Colecção:Stavitel
Assuntos:
Tags: Adicionar Tag
Sem tags, seja o primeiro a adicionar uma tag!

MARC

LEADER 00000nam a22000003a 4500
001 0093970
003 SK-STU
005 20220215132623.9
007 ta
008 220215s ----xo-----e------000-0-----d
020 |a 978-80-247-4808-5 
040 |a STU  |b slo 
041 0 |a cze  |h ger 
044 |a xr 
100 1 |a Stempel, Ulrich E.  |4 aut  |r Z6 
245 1 0 |a Zateplení a rekonstrukce rodinného domu /  |c aut. Ulrich E Stempel 
250 |a 1. vyd. 
260 |a Praha:  |b Grada Publishing,  |c 2014 
300 |a 160 s. 
490 0 |a Stavitel 
650 0 7 |a zateplenie domu 
650 0 7 |a rekonštrukcia domu 
996 |b 284V037722  |c V* 53308/O-24468  |l VVT  |s A  |a 24  |w 0093970_0001